Statistics for Hall of Fame Trivia: Ray Allen

Click here to take the quiz!

General Stats

  • This quiz has been taken 8 times
  • The average score is 24 of 40

Answer Stats

HintAnswer% Correct
All-Star Appearances10
100%
Career High Rebounds13
100%
Career High Assists13
100%
Points in Debut13
100%
Total Years in NBA18
100%
Career High Blocks2
100%
Championships2
100%
All-NBA Teams Made2
100%
Triple-Doubles3
100%
Years in College3
100%
Finals Appearances4
100%
Draft Pick5
100%
Career High Steals6
100%
Finals Record2-2
86%
Fourth Team Played ForMiami Heat
86%
First Team Played ForMilwaukee Bucks
86%
Draft Year1996
71%
Career High Points54
71%
Third Team Played ForBoston Celtics
71%
Did he make an All-Rookie Team?Yes
71%
Hall of Fame Induction Year2018
57%
Second Team Played ForSeattle SuperSonics
57%
CollegeUConn
57%
NBA Debut OpponentPhiladelphia 76ers
43%
BirthnameWalter Ray Allen
43%
Games Played1300
29%
College Points Average19.0
29%
BirthdateJuly 20, 1975
29%
NicknameSugar Ray
29%
College Games Played101
14%
Career Points Average18.9
14%
Years Played For1996-2003
14%
Years Played For2003-2007
14%
Years Played For2008-2012
14%
Years Played For2013-2014
14%
Total Career Points24,505
14%
Jersey Numbers34, 20
14%
BirthplaceMerced, California
14%
Draft TeamMinnesota Timberwolves
14%
NBA Debut DateNovember 1, 1996
14%

Score Distribution

Percentile by Number Answered

Percent of People with Each Score

Your Score History

You have not taken this quiz